| 000 | 00794 a2200193 4500 | ||
|---|---|---|---|
| 999 |
_c5403 _d5403 |
||
| 020 | _a0894649183 | ||
| 050 | 0 | 0 | _aLC 5219 ELI 1995 |
| 100 | 1 |
_aElias, John L., _d1933- _eAuhot |
|
| 245 | 1 | 0 |
_aPhilosophical foundations of adult education / _cby John L. Elias and Sharan Merriam ; with foreword by Malcolm S. Knowles. |
| 250 | _a2nd ed. | ||
| 264 |
_aMalabar, Florida: _bKrieger Publishing Company, _c1995 |
||
| 300 | _ax, 253 p. ; | ||
| 500 | _aIncludes bibliographical references and indexes. | ||
| 504 | _aIncludes bibliographical references and indexes. | ||
| 650 | 0 |
_aAdult education _xPhilosophy. |
|
| 700 | 1 |
_aMerriam, Sharan B. _eAuthor |
|
| 942 |
_2lcc _cBK _e2nd ed. _h5291 _iELI _kLC |
||